| 000 | 00704cam a22002411 4500 | ||
|---|---|---|---|
| 001 | 1224401 | ||
| 003 | NUST - PNEC | ||
| 005 | 20170116181108.0 | ||
| 008 | 711216s1966 nyuabc b 000 0 eng | ||
| 010 | _a 65018654 | ||
| 040 |
_aDLC _cLIBRARY _dDLC |
||
| 043 | _ae-gx--- | ||
| 050 | 0 | 0 |
_aD757.9.B4 _bR9 |
| 082 | 0 | 0 | _a940.5421 RAY |
| 100 | 1 | _aRyan, Cornelius. | |
| 245 | 1 | 4 | _aThe last battle. |
| 260 |
_aNew York, _bSimon and Schuster _c[1966] |
||
| 300 |
_a571 p. _billus., maps (part col.) ports. _c24 cm. |
||
| 504 | _aBibliography: p. 541-551. | ||
| 650 | 0 |
_aBerlin, Battle of, Berlin, Germany, 1945. _xGeneral book |
|
| 906 |
_a7 _bcbc _corignew _du _eocip _f19 _gy-gencatlg |
||
| 942 |
_2ddc _cBK |
||
| 999 |
_c69020 _d69020 |
||